[Event "Copenhagen CU 75th"]
[Site "Copenhagen"]
[Date "2002.02.16"]
[Round "8"]
[White "Hector, Jonny"]
[Black "Brinck Claussen, Bjorn"]
[Result "1-0"]
[WhiteElo "2507"]
[BlackElo "2359"]
[Annotator "Postny,E"]
[PlyCount "47"]
[EventDate "2002.02.09"]
[EventType "tourn"]
[EventRounds "9"]
[EventCountry "DEN"]
[EventCategory "9"]
[SourceTitle "CBM 088"]
[Source "ChessBase"]
[SourceDate "2002.03.21"]
[SourceVersion "1"]
[SourceVersionDate "2002.03.21"]
[SourceQuality "1"]

1. e4 e5 2. Nf3 Nc6 3. d4 exd4 4. Nxd4 Bc5 5. Be3 Qf6 6. c3 Nge7 7. Bc4 b6 {
This original line was introduced by GM Speelman in the end of 1991.} 8. Qd2 {
This move rarely appears in practice.The main line is 8.0-0.} Bb7 {This move
is more consequent, but probably less precise, than 8...0-0, that happened in
the game Wells,P-Azarov,S EU-ch Ohrid 2001/CBM 84 [Wells]} 9. b4 Bxd4 10. cxd4
O-O-O $146 {[%cal Gd7d5]} 11. Nc3 $1 Qg6 (11... Nxb4 $2 {is refuted by} 12. Bg5
{[%csl Re7]}) (11... d5 12. Nxd5 Nxd5 13. Bxd5 Rxd5 14. exd5 Ne7 15. Bg5 Qd6
$16) 12. d5 $1 {[%mdl 512]} Qxg2 (12... Ne5 13. Be2 f5 (13... Qxg2 {- see the
game}) 14. f4 Qxg2 15. O-O-O Nf3 16. Qd3 $16) 13. O-O-O Ne5 14. Be2 Nf3 15. Qc2
{This is probably a bit slow.} ({White could obtain a strong attack after} 15.
Bxf3 Qxf3 16. d6 cxd6 17. Nb5 (17. Qxd6 $6 Qf6 18. Qxf6 gxf6 19. Nb5 $14) 17...
Bc6 $1 (17... d5 18. Bf4) 18. Nxa7+ Kb7 19. Qd4 $40) 15... Kb8 16. Nb5 Rc8 17.
Qa4 a6 18. Nc3 c6 $2 {This ugly move gives white too many attractive options,
one of them will certainly work!} (18... d6 19. Bxa6 Bxa6 20. Qxa6 Rce8 {
[%csl Ya7][%cal Ye7c8]} 21. Bxb6 {with decisive attack.}) ({The best chance is
} 18... f5 {breaking white's skeleton in the centre.} 19. Bxa6 fxe4 20. Nb5 (
20. Bxb7 $142 Kxb7 21. Qxd7 Rhe8 22. d6 Nc6 23. dxc7 Nfe5 24. Qd5 Nd3+ 25. Kb1
Re5 26. Qd6 $16) 20... Nxd5 21. Bxb7 Kxb7 22. Qa7+ Kc6 23. Qa4 Kb7 (23... Ra8
$6 24. Qc2+ Kxb5 25. Rxd5+ Ka6 26. Rhd1 $40)) 19. d6 $2 {Swedish Grandmaster
probably wanted to win with all facilities.} ({Simple and strong was} 19. Bxa6
{since} cxd5 {is losing to} 20. Bf4+) 19... b5 20. Qa5 Ng6 21. Bc5 $2 {White
has probably overrated his position.} (21. Qb6 c5 $8 22. Bxc5 Rxc5 23. Qxc5 (
23. bxc5 Rc8 24. Bxb5 $2 axb5 25. Nxb5 Qg5+ {[%csl Rc5][%cal Gg5c5]}) 23... Rc8
24. Qe3 $16) 21... Nf4 22. Bf1 Qxh1 $4 {[%csl Rh1] This capture gives white
the decisive tempo to complete the attack.} (22... Qg5 $1 {[%csl Rc1]} 23. Kb2
Ne6 24. Be3 Qf6 $132 (24... Qd8 $13)) 23. Qb6 Rce8 {[%tqu "En","How to
conclude the attack?","","","c3a4","",10,"c3a4","",0]} 24. Na4 $1 {[%csl Gf1]
[%mdl 128]} (24. Na4 bxa4 25. Qa7+ Kc8 26. Bxa6 Nd3+ 27. Bxd3 {[%cal Rd3a6]
with mate soon to follow.}) 1-0

[Event "FRA-ch"]
[Site "Val d'Isere"]
[Date "2004.08.22"]
[Round "7"]
[White "Nataf, Igor Alexandre"]
[Black "Dorfman, Josif D"]
[Result "0-1"]
[WhiteElo "2553"]
[BlackElo "2599"]
[Annotator "Postny,E"]
[PlyCount "120"]
[EventDate "2004.08.16"]
[EventType "tourn"]
[EventRounds "11"]
[EventCountry "FRA"]
[EventCategory "13"]
[SourceTitle "CBM 103"]
[Source "ChessBase"]
[SourceDate "2004.11.11"]
[SourceVersion "1"]
[SourceVersionDate "2004.11.11"]
[SourceQuality "1"]

1. e4 e5 2. Nf3 Nc6 3. d4 exd4 4. Nxd4 Bc5 5. Nxc6 Qf6 6. Qd2 dxc6 7. Nc3 Bd4 {
This move became the main line in recent years.} 8. Nd1 {White's latest try to
fight for the advantage in this line.} (8. Bd3 {is the main continuation.})
8... Be6 (8... Ne7 {--> 1-0 Parligras,M-Atalik,S/Athens 2003/CBM 97 [Postny,E]
(60)}) 9. Qg5 {It's recommended for white to exchange queens in this kind of
position. In the endgame it will be easier for white to make use of his pawn
majority on the kingside.} (9. c3 Bb6 10. Qc2 Qg6 11. Be3 Nf6 12. f3 O-O 13.
Bd3 Rfd8 $11 {1/2-1/2 Berthelot,Y-Dourerassou,J/Guingamp 2004/CBM 98 ext (25)})
9... Qg6 $1 $146 {[%mdl 8] This move seems to solve black's problems. After
the following exchange of queens black will get an open "h" file for his use.}
(9... O-O-O 10. Qxf6 Nxf6 (10... gxf6 11. Ne3 Ne7 12. c3 Bc5 13. g3 f5 14. Bg2
fxe4 15. Bxe4 h5 16. O-O h4 $132 {1/2-1/2 Collas,D-Glavina Rossi,P/Pamplona
2001/EXT 2003 (46)}) 11. f3 Bb6 12. Bg5 h6 13. Bh4 Rhe8 14. Bd3 Ba5+ 15. Ke2 a6
16. Be1 Bxe1 17. Rxe1 b5 18. Ne3 Kb7 19. Red1 $14 {1-0 Nataf,I-Tseitlin,M/
Kapuskasing 2004/CBM 101 ext (63)}) 10. f3 f6 {Forcing white to exchange
queens in black's way. White can not afford himself to keep the queens on the
board with such a bad development.} 11. Qxg6+ hxg6 12. Be3 ({The following
game was played few rounds later:} 12. c3 Bc5 13. Be3 Bd6 14. f4 g5 15. fxg5
Rxh2 16. Rxh2 Bxh2 17. Nf2 fxg5 18. Bxg5 Bg3 19. Bd3 Nf6 20. Ke2 O-O-O $15 {
1/2-1/2 Nataf,I-Degraeve,J/Val d'Isere 2004/CBM 103 (60)}) 12... O-O-O 13. Bxd4
{In general, white should try to exchange as many pieces as possible in this
kind of position.} Rxd4 14. Ne3 Ne7 15. Rd1 c5 16. a3 g5 {After the
dark-squared bishops gone, it's recommended to place the pawns on the
dark-squares.} 17. c3 Rxd1+ 18. Kxd1 Ng6 19. g3 c6 20. Bc4 Bd7 $1 {Correctly
avoiding the exchange of bishops.} 21. Be2 Kc7 22. Kd2 ({More to the point
seems to be} 22. Ke1 {preparing Ke1-f2-g2 in order to liberate the rook.})
22... b5 23. Nd1 $6 {Preparing Kd2-e3, then Nd1-f2 and try to push somehow the
kingside pawns, but black can frustrate the plans of his opponent...} (23. Ke1
{should have been prefered.}) 23... f5 $1 $15 24. exf5 Bxf5 25. Ne3 Be6 26. Bd3
{Trying to activize the bishop.} Ne5 27. Be4 Rd8+ 28. Kc2 Bd5 29. Rf1 Bxe4+ 30.
fxe4 Rh8 31. Rf2 g6 {Covering the f5 square. Black's chances are preferable in
this endgame, since his pieces are more active and white's pawn weaknesses are
more vulnerable.} 32. c4 {Otherwise, black would play c5-c4 gaining even more
space.} a6 33. b3 Kd7 34. b4 {White is impatient and plays an active move,
which is not bad however, but a prelude to a future mistake...} cxb4 35. axb4
Ke7 36. c5 $2 {This is simply losing.} ({After} 36. Kc3 {white seems to hold,
for example:} Rd8 37. Rd2 Rxd2 38. Kxd2 Nf3+ 39. Ke2 Nxh2 40. Kf2 $1 (40. cxb5
axb5 41. g4 $2 Ke6 42. Kf2 Ke5 43. Kg3 Kxe4 $19) 40... g4 41. c5 $1 Ke6 42. Ke2
Ke5 43. Kd3 {and the endgame is drawish.}) 36... a5 $19 {Breaking white's
pawns chain. Black's rook will penetrate into white's camp via the "a" file
and capture both white's queenside pawns very soon.} 37. bxa5 Ra8 38. Kb3 Rxa5
39. Nc2 Ra4 40. Rd2 Rc4 41. h4 Rxc5 ({Even stronger was} 41... Nd7) 42. hxg5
Nc4 43. Rd3 Rxg5 44. Nb4 Ne5 45. Rc3 Kd6 {Two connected passed pawns brings
black an easy victory.} 46. Na6 Rh5 47. Rc1 Rh3 48. Rd1+ Ke7 49. Kb4 Rxg3 50.
Kc5 Rd3 {The quickest way for a win.} 51. Rxd3 Nxd3+ 52. Kd4 (52. Kxc6 b4 {
and one of black's pawns easily queens.}) 52... Nf4 53. Kc5 g5 54. Nb4 g4 55.
Nxc6+ Ke6 56. Kxb5 Ne2 $1 {[%csl Yd4] The last precise move in the game.
Black's passed pawn is unstoppable.} 57. Nd8+ Ke5 58. Kc4 g3 59. Nf7+ Kf4 60.
e5 g2 {[%mdl 4096]} 0-1

[Event "Linares 21st"]
[Site "Linares"]
[Date "2004.02.25"]
[Round "6"]
[White "Vallejo Pons, Francisco"]
[Black "Leko, Peter"]
[Result "1/2-1/2"]
[WhiteElo "2663"]
[BlackElo "2722"]
[Annotator "Postny,E"]
[PlyCount "49"]
[EventDate "2004.02.19"]
[EventType "tourn"]
[EventRounds "14"]
[EventCountry "ESP"]
[EventCategory "20"]
[SourceTitle "CBM 100"]
[Source "ChessBase"]
[SourceDate "2004.06.01"]
[SourceVersion "1"]
[SourceVersionDate "2004.06.01"]
[SourceQuality "1"]

1. e4 e5 2. Nf3 Nc6 3. d4 exd4 4. Nxd4 Nf6 5. Nxc6 bxc6 6. e5 Qe7 7. Qe2 Nd5 8.
c4 Nb6 {The other main line is 8...Ba6.} 9. b3 ({The main alternatives are:} 9.
Nc3) ({and} 9. Nd2) 9... Qe6 10. Bb2 a5 (10... Bb4+ 11. Nd2 O-O 12. O-O-O {
- see the annotated game Motylev,A-Sermek,D/Dubai 2001/CBM 83 [Postny,E]}) 11.
Qc2 $1 $146 {[%mdl 8] Interesting idea. Usually white develops his queen to e3
or e4, but in this case white is intending do develope his light-squared
bishop to d3 and put pressure along the b1-h7 diagonal. The common move 11.Nd2
leads to the 9.Nd2 line by transposition.} (11. Nd2 a4 (11... Bb4 12. a3 Bxd2+
13. Qxd2 d5 14. cxd5 cxd5 15. Rc1 $14 {1-0 Kasparov,G-Karpov,A/Lyon/New York
1990/CBM 21 (102)}) 12. Qe3 (12. g3 Bb4 13. Bg2 {- see the annotated game
Kulaots,K-Delchev,A/Plovdiv 2003/CBM 98 [Postny,E]}) 12... Bb4 (12... axb3 13.
axb3 Rxa1+ 14. Bxa1 Bb4 15. Bd3 d6 16. O-O dxe5 17. Bxe5 f6 18. Bf4 Qxe3 19.
Bxe3 O-O 20. Nf3 c5 21. Bf4 Rf7 22. h4 Bg4 23. Be4 Re7 24. Bd3 Bxf3 {1/2-1/2
Svidler,P-Sokolov,I/Groningen 1995/CBM 51 (24)}) 13. Bd3 d5 14. O-O Ba6 15.
Rfc1 Bxd2 16. Qxd2 dxc4 17. bxc4 Bxc4 18. Bxc4 Nxc4 19. Qb4 Nxb2 20. Rc3 Rd8
21. Qxb2 O-O 22. Ra3 Rd5 23. Rxa4 Rxe5 24. h3 $11 {1/2-1/2 Sutovsky,
E-Ivanisevic,I/Istanbul 2003/CBM 96 (36)}) 11... Bb4+ (11... d5 12. cxd5 Nxd5
13. Bc4 $14) 12. Nd2 a4 13. Bd3 Qh6 {Trying to prevent white's smooth
development.} (13... axb3 $6 14. axb3 Rxa1+ 15. Bxa1 d6 16. O-O dxe5 17. f4 $36
) 14. Rd1 axb3 15. axb3 Ra2 {Black achieves nothing by this invasion. On the
other hand, it's not easy to suggest an improvement.} 16. O-O O-O (16... Ba3
17. Rb1 O-O 18. Qc3 Bxb2 19. Rxb2 Rxb2 20. Qxb2 d6 $14) 17. Qb1 {Driving away
the rook from it's active position.} Ra5 18. Nf3 {It's clear, that the opening
battle ended in white's favour. White has superior pawn structure and his
pieces are harmoniously placed.} d5 19. Nd4 ({White gets only equality after} 
19. Bc1 $6 Qh5 20. Ng5 h6 21. Be2 Qg6 22. Bd3 Qh5 $11) 19... Bd7 20. Nc2 dxc4 (
{After} 20... Be7 21. b4 Ra7 22. c5 {black is getting squeezed.}) 21. bxc4 (21.
Nxb4 $6 cxd3 22. Qxd3 $2 (22. Nxd3 Bf5 $11) 22... c5 $1 23. Nd5 Bb5 24. Qc3
Bxf1 25. Qxa5 {[%tqu "En","How should black continue?","","","f1g2","",10]}
Bxg2 $1 26. Kxg2 (26. Ne7+ Kh8 27. Kxg2 Qg5+ $17) 26... Qc6 27. Qa6 Rd8 $17)
21... Bd2 $5 {[%csl Re5,Rh2][%cal Gd2f4] An awkward move, but a playable one.}
({Safer would have been} 21... Be7 $14) 22. Bxh7+ $6 {A spectacular move, but
not the best one.} ({White could keep a stable advantage after the simple} 22.
Nd4 {For instance:} Bf4 23. g3 Bxe5 24. Nb3 Bxb2 25. Nxa5 Bc3 26. Bf5 $1 $16 (
26. Nb3 $2 Bh3 $15 {[%csl Rf1]})) 22... Qxh7 (22... Kxh7 $2 23. Ne3+ $18 {
[%cal Gd1d2]}) 23. Rxd2 Bf5 24. Bc3 Raa8 $1 (24... Nxc4 $6 25. Bxa5 Nxd2 26.
Bxd2 Bxc2 27. Qb4 $16) 25. Qb3 {I think, white could continue the game,
although black has reasonable compensation for the pawn.} (25. Qb3 Rfb8 26. Nd4
$6 (26. Ra1 $1 $14) 26... Na4 (26... Nd5 $2 {[%tqu "En","Find the winning move.
","","","d2a2","",10]} 27. Ra2 $3 $18) 27. Qa3 Nb6 28. Qe7 (28. Qb3 $11) 28...
Nxc4 29. Nxc6 Nxd2 30. Nxb8 Nf3+ 31. gxf3 Qg6+ 32. Kh1 Rxb8 $36 {[%csl Rh1]})
1/2-1/2

[Event "Karadjordje Serbia"]
[Site "Topola"]
[Date "2004.05.09"]
[Round "6"]
[White "Pavasovic, Dusko"]
[Black "Mastrovasilis, Dimitrios"]
[Result "1/2-1/2"]
[WhiteElo "2591"]
[BlackElo "2533"]
[Annotator "Postny,E"]
[PlyCount "59"]
[EventDate "2004.05.04"]
[EventType "tourn"]
[EventRounds "11"]
[EventCountry "YUG"]
[EventCategory "13"]
[SourceTitle "CBM 101"]
[Source "ChessBase"]
[SourceDate "2004.07.27"]
[SourceVersion "1"]
[SourceVersionDate "2004.07.27"]
[SourceQuality "1"]

1. e4 e5 2. Nf3 Nc6 3. d4 exd4 4. Nxd4 Nf6 5. Nxc6 bxc6 6. e5 Qe7 7. Qe2 Nd5 8.
c4 Nb6 ({Other main line goes with} 8... Ba6) 9. Nc3 Qe6 {Opening the diagonal
for the dark-squared bishop and preparing to attack Pc4 as well.} ({Popular
alternative is} 9... a5) 10. Qe4 Bb4 ({The alternatives are:} 10... g6 {
--> 1-0 Rublevsky,S-Lautier,J/Poikovsky 2004/CBM 100 [Postny,E] (49)}) (10...
d5 {--> 1-0 Pavasovic,D-Carlsen,M/Wijk aan Zee 2004/CBM 99 [Postny,E] (59)}) (
10... Ba6 {--> 1-0 Zelcic,R-Sermek,D/Solin/Spilt 2002/CBM 93 [Postny,E] (43)})
11. Bd2 Ba6 (11... Bxc3 12. Bxc3 d5 13. cxd5 cxd5 14. Qb4 Nd7 15. Bb5 c6 16.
Ba4 Rb8 17. Qd6 Qxd6 18. exd6 $16 {1/2-1/2 Motylev,A-Vajda,L/Bucharest 2000/
CBM 77 (110)}) 12. b3 Bxc3 13. Bxc3 d5 14. Qh4 {This move was introduced by G.
Kasparov 5 years ago and caused black a serious worry in this opening line.
However, since then black has found some ideas as well...} (14. Qf3 {--> 1/2-1/
2 Ponomariov,R-Spassky,B/Cannes 1998/CBM 65 [Mikhalevski,V] (58)}) 14... dxc4
15. Be2 Nd5 (15... O-O 16. O-O Nd5 17. Bxc4 Bxc4 18. Qxc4 $14 {1/2-1/2
Mikhalchishin,A-Onischuk,A/Batumi 1999/CBM 74 [Mikhalevski,V] (55)}) 16. Bxc4 (
{In the first game for 14.Qh4 line Kasparov played} 16. Bd4 {and got the
advantage after} c5 17. Bxc5 Nc3 18. Bxc4 Qxe5+ 19. Be3 $14 {1-0 Kasparov,
G-Adams,M/Sarajevo 1999/CBM 71 [Mikhalevski,V] (31)  However, strong move 16...
Qf5! /\ Nf4 [Morozevich-Piket/KasparovChessGP 2000] forced white to switch for
16.Bxc4 move...}) 16... g5 $1 (16... Bxc4 17. Qxc4 Nxc3 18. Qxc3 O-O 19. O-O
Rad8 20. Rac1 $16 {1-0 Kulaots,K-Sepp,O/Puhajarve 2001/CBM 85 (56)}) (16... Bb5
17. O-O g5 18. Qd4 Bxc4 19. bxc4 Nf4 20. Rfe1 $14 {1/2-1/2 Macieja,B-Timman,J/
Willemstad 2001/EXT 2002 (42)}) 17. Qd4 (17. Qxg5 $4 Bxc4 $19 {[%csl Rc3]})
17... Bxc4 18. Qxc4 O-O-O (18... Nf4 19. Qxe6+ Nxe6 20. O-O-O {--> 1-0
Kasparov,G-Timman,J/Wijk aan Zee 2000/CBM 75 [Mikhalevski,V] (36)}) 19. Bd4 (
19. O-O Nf4 20. Qxe6+ Nxe6 21. Rfe1 (21. Rac1 Rd5 22. g3 c5 23. Kg2 Rhd8 24.
Rfe1 Rd3 25. Re4 h5 $11 {1/2-1/2 Movsesian,S-Stefansson,H/Reykjavik 2003/CBM
94 (30)}) 21... Rd3 22. Rac1 Rhd8 23. Kf1 h5 $11 {1/2-1/2 Macieja,B-Timman,J/
Curacao 2002/CBM 91 ext (33)}) 19... c5 $5 $146 {[%mdl 8] Very interesting
novelty.The idea of this move is to decoy white's queen to a worse location.} (
19... Kb7 20. O-O h5 (20... Nb6 21. Qc3 Rd5 22. f4 Rhd8 23. f5 Qe8 24. Bxb6
axb6 25. Rae1 $14 {1/2-1/2 Pinter,G-Koskinen,H/Budapest 2000/CBM 79 ext (38)})
21. Rac1 Rd7 22. a4 Rhd8 23. Qc5 Nb6 24. Be3 Rd5 25. Qc3 Rxe5 26. a5 Nd5 27.
Qd4 Kc8 28. Rxc6 Qxc6 29. Qxe5 Nxe3 30. Qxe3 Qd5 31. h3 Qd4 {1/2-1/2 Baklan,
V-Piket,J/Germany 2000/CBM 82 ext (31)}) ({The immediate} 19... Qg4 $6 {
is not good due to} 20. Bxa7 Qxg2 21. O-O-O $16) 20. Qxc5 Qg4 21. Qxa7 (21. Rc1
Qxg2 22. Kd2 (22. Qxa7 Qxh1+ 23. Kd2 Qe4 24. Qa6+ Kd7 25. Qc6+ Kc8 26. Qa6+ $11
) 22... Rd7 {with sufficient counterplay.}) 21... Qe4+ 22. Be3 (22. Kf1 $2 Nf4
23. Qa6+ Kd7 24. Qb5+ c6 $19) 22... Nf4 23. Qa6+ (23. f3 Nxg2+ 24. Kf2 Qxe3+ (
24... Qc2+ 25. Kg3 Nxe3 26. Qxe3 Rd2 27. Rac1 $1 Rg2+ 28. Kh3 $14) 25. Qxe3
Nxe3 26. Kxe3 Rhe8 $11) 23... Kb8 24. Rg1 Rd3 (24... Nxg2+ $4 25. Rxg2 Qxg2 26.
Ba7+ Ka8 27. Bb6+ {mating.}) 25. Kf1 ({The following crazy variation was
pointed by Fritz:} 25. Qa7+ Kc8 26. Kf1 Rd6 $1 27. f3 Qd3+ 28. Kf2 Qc2+ 29. Kg3
Ne2+ 30. Kg4 Rd4+ $3 31. Bxd4 h5+ 32. Kxg5 Qd2+ 33. Kh4 (33. Be3 $2 Qd8+ 34.
Kf5 Qd7+ 35. Kg5 Rg8+ 36. Kh4 Rg4+ $1 37. Kh3 Rg3+ 38. Kh4 Qe7+ 39. Kxh5 Qxe5+
$19) 33... Qf4+ 34. Kh3 Qf5+ 35. Kh4 Qf4+ $11) 25... Rxe3 $1 {Eliminating the
main defender of white's king.} 26. Qb5+ Kc8 27. fxe3 Nd5 $1 28. Qa6+ {White
has no more than a perpetual check, black's tandem Q + N is quite dangerous.} (
28. Re1 $4 Qf5+ 29. Ke2 Nc3+ $19 {[%csl Rb5,Re2][%cal Gc3e2,Gc3b5]}) 28... Kb8
29. Qb5+ (29. Re1 Qf5+ 30. Ke2 Qc2+ $11) 29... Kc8 30. Qa6+ 1/2-1/2

[Event "WchT 5th"]
[Site "Yerevan"]
[Date "2001.10.17"]
[Round "6.3"]
[White "Grischuk, Alexander"]
[Black "Graf, Alexander"]
[Result "1-0"]
[WhiteElo "2666"]
[BlackElo "2610"]
[Annotator "Postny,E"]
[PlyCount "71"]
[EventDate "2001.10.12"]
[EventType "team-tourn"]
[EventRounds "9"]
[EventCountry "ARM"]
[SourceTitle "CBM 086"]
[Source "ChessBase"]
[SourceDate "2002.02.05"]
[SourceVersion "1"]
[SourceVersionDate "2002.02.05"]
[SourceQuality "1"]
[WhiteTeam "Russia"]
[BlackTeam "Germany"]
[WhiteTeamCountry "RUS"]
[BlackTeamCountry "GER"]

1. e4 e5 2. Nf3 Nc6 3. d4 exd4 4. Nxd4 Bc5 5. Nxc6 Qf6 6. Qd2 Qxc6 {If black
doesn't want to double his pawns he may choose this recapture. However as
practice shows, white can expect the initiative in this variation, since he
has some space advantage and black's Q is a bit vulnerable.} 7. Bd3 Ne7 {
The alternative is 7...Nf6.} 8. O-O O-O 9. b4 $1 Bd4 10. c3 Bf6 (10... Bb6 11.
c4 d6 12. Nc3 Be6 13. Nd5 Qd7 14. Bb2 Bxd5 15. exd5 a5 16. a3 Ng6 17. Qc3 f6
18. Qc2 $16 {1-0 Chernyshov,K-Miroshnichenko,E/Budapest 1999/EXT 2000 (38)})
11. Qe2 Qe6 12. f4 d6 13. Qc2 $146 (13. Be3 a5 14. b5 Re8 15. f5 Qd7 16. Bd4
Nd5 17. Qd2 Bxd4+ 18. cxd4 Nf6 19. Nc3 c5 20. Qf2 b6 21. Rae1 Bb7 22. d5 $16 {
1-0 Azmaiparashvili,Z-Gomez Esteban,J/Pamplona 1996/CBM 57 (52)}) 13... Nc6 {
[%csl Ra1][%cal Gc6b4]} (13... a5 14. b5 $14) 14. a3 (14. e5 $2 dxe5 15. Bxh7+
Kh8 16. Rf3 exf4) 14... a5 15. b5 Nb8 16. Be3 {The space advantage as well as
the strong pawncentre makes whites position clearly better.} g6 (16... Nd7 17.
Nd2 {+/=/+/-}) 17. Nd2 Nd7 18. Rae1 Qe7 19. e5 {All white's pieces are in an
attacking positions, it's time for a breakthrow in the centre.} (19. Bd4 Bg7 $1
(19... Nc5 20. Bxc5 dxc5 21. e5 $16) (19... Re8 20. e5 dxe5 21. fxe5 Bxe5 22.
Bc4 $16) 20. Nc4 Re8 $14) 19... dxe5 20. Ne4 exf4 (20... Bg7 21. f5 $1 gxf5 22.
Rxf5 $40) 21. Bxf4 Be5 22. Nf6+ $1 (22. Bxe5 Nxe5 23. Nf6+ Kg7 $13) 22... Nxf6
({After} 22... Qxf6 $2 23. Bxe5 Qe7 24. Bd4 Qd6 25. Bc4 {white's attack is
irresistible.}) 23. Rxe5 Qxa3 $2 {After this capture black loses by force.} ({
After} 23... Qd6 {it's not obvious, how white should continue his attack.} 24.
Re2 (24. Bc4 Ng4 25. Rd5 Qb6+) 24... Qxa3 25. Bh6 Ng4 26. Bxf8 Qxf8 $14) 24.
Bg5 Ne8 $8 25. Be7 Nd6 {[%tqu "En","Which white's piece is not taking part in
the attack yet? How should white continue?","","","c2d2","",10]} 26. Qd2 $1 $18
{[%csl Rg8][%cal Rd2h6]} (26. b6 $2 Be6 27. Bxf8 Rxf8 28. bxc7 Rc8 $14) (26.
Bf6 Be6 {[%cal Yd6e8]}) (26. Bxf8 Kxf8 27. Qd2 $36) 26... Bg4 (26... Bd7 27.
Qh6 f5 28. Bc4+ Nxc4 29. Bxa3 Nxe5 30. Bxf8 Rxf8 31. Qd2 $18) 27. Qh6 {[%cal
Ge7f6]} f5 28. Bc4+ Rf7 (28... Nxc4 29. Bxa3 Nxe5 30. Bxf8 Rxf8 31. Qd2 $18)
29. Bxd6 Qxd6 30. Bxf7+ Kxf7 31. Qxh7+ Kf6 32. Rfe1 {The threat 33.Re7 is
unanswerable.} Rf8 (32... Qxe5 33. Rxe5 Kxe5 34. Qxc7+ $18) 33. Re7 Kg5 34. h4+
Kf4 35. Qh6+ Kg3 36. R7e3+ (36. R7e3+ Bf3 37. Qg5#) 1-0